000 00638nam a2200229Ia 4500
003 OSt
005 20220924122705.0
006 a|||||r|||| 00| 0
007 ta
008 220923b |||||||| |||| 00| 0 urd d
024 _a320783
037 _cTextual
040 _aARTS
_cARTS
_burd
041 _2urd
_aurd
082 _aQ7xL79, 168L1
100 _aNomani Mohammad Manzoor Au.
_9189826
245 0 _aShah Ismail Shaheed
260 _aLucknow
_bKutub Khana al furqan India
_c1971
650 _aISLAM
_9577
942 _hQ7xL79, 168L1
_cTEXL
_2CC
999 _c412667
_d412667